000 00498nam a2200205Ia 4500
003 OSt
005 20220923230913.0
006 a|||||r|||| 00| 0
007 ta
008 Pun
024 _a306,330
037 _cTextual
040 _aARTS
_cARTS
_bPun
041 _2Pun
_aPun
082 _aQ8441wI69, 153L2
245 0 _aਸਭ ਤੋ੍ਵ ਵਡਾ ਸਤਿਗੁਰੂ ਨਾਨਕ
260 _c1972
942 _hQ8441wI69, 153L2
_cTEXL
_2CC
999 _c388116
_d388116